000 00305nam a2200133Ia 4500
003 OSt
005 20231123055438.0
008 170524s9999 xx 000 0 und d
020 _a978-81-317-6029-1
040 _cIIMT
100 _aITC
245 0 _aINTRODUCTION TO INFORMATION TECHNOLOGY
942 _2ddc
_c02
999 _c4543
_d4543